| 000 | 00462cam a2200205ua 4500 | ||
|---|---|---|---|
| 001 | 8788 | ||
| 005 | 20260515114358.0 | ||
| 008 | 150214n ii |||gr||||Z||||||eng | ||
| 020 | _a0333911202 | ||
| 040 | _cMAIN | ||
| 041 | _aeng | ||
| 082 | _a824 | ||
| 100 |
_aLamb, C., _eAuthor. |
||
| 245 | 1 |
_aEssays of Elia _cBy Charles Lamb |
|
| 250 | _a1st. | ||
| 260 |
_aNew Delhi: _bMacmillan, _c1974. |
||
| 300 | _ax,390p. | ||
| 653 | _aEnglish essays | ||
| 942 | _cBK | ||
| 999 |
_c7879 _d7879 |
||